| 000 | 00645cam a2200205 4500 | ||
|---|---|---|---|
| 001 | sa 68016754 | ||
| 003 | DLC | ||
| 005 | 20260227112657.0 | ||
| 008 | 710414s1967 ii 00000 eng | ||
| 010 | _asa 68016754 //r85 | ||
| 025 | _aPL480:I-E-9441 | ||
| 043 | _aa-ii--- | ||
| 050 | 0 |
_aS760.I4 _bA543 |
|
| 110 | 1 | 0 |
_aIndia (Republic). _bCommittee on Plan Projects. _bAgriculture Team. |
| 245 | 1 | 0 | _aReport on improved agricultural implements in Maharashtra State. |
| 260 | 1 |
_aNew Delhi, _c1965 [i.e. 1967] |
|
| 300 |
_a85 p. _c25 cm. |
||
| 650 | 0 |
_aAgricultural implements _zIndia _zMaharashtra. |
|
| 650 | 0 |
_aAgriculture _zIndia _zMaharashtra. |
|
| 999 |
_c87288 _d87288 |
||